[Event "3rd EUR-ch"]
[Site "Batumi GEO"]
[Date "2002.06.24"]
[Round "12"]
[White "Aroshidze, Levan"]
[Black "Priehoda, Vitezslav"]
[Result "1/2-1/2"]
[WhiteElo "2346"]
[BlackElo "2425"]
[EventDate "2002.06.12"]
[PlyCount "101"]

1.e4 c5 2.Nf3 e6 3.d4 cxd4 4.Nxd4 Qb6 5.Nb3 Qc7 6.Bd3 Nf6 7.O-O a6 8.c4 
Nc6 9.f4 d6 10.Nc3 b6 11.Be3 Nd7 12.Rc1 Nc5 13.Bb1 Nxb3 14.Qxb3 Na5 15.Qc2
Bd7 16.Qf2 Rb8 17.Bd3 Be7 18.Bd4 O-O 19.b4 Nc6 20.Nd5 Qb7 21.Nxe7+ Nxe7 
22.Bb2 Rbd8 23.Rce1 f6 24.Re3 e5 25.f5 Kh8 26.Bc1 Ng8 27.Qh4 Be8 28.Rh3 h6
29.g4 Rd7 30.Qe1 Kh7 31.Rg3 Bf7 32.h4 Rc8 33.Qe2 Qc6 34.Be3 Bxc4 35.Rc1 b5
36.g5 Rdc7 37.Qg4 Qe8 38.Bxc4 bxc4 39.gxh6 Nxh6 40.Bxh6 gxh6 41.Rxc4 Qf7 
42.Qg6+ Qxg6 43.Rxc7+ Rxc7 44.Rxg6 Rc4 45.Rxf6 Rxe4 46.a3 Re3 47.Rxd6 Rxa3
48.Re6 Rb3 49.Rxe5 Rxb4 50.Re7+ Kg8 51.Re6 1/2-1/2

[Event "3rd EUR-ch"]
[Site "Batumi GEO"]
[Date "2002.06.24"]
[Round "12"]
[White "Kantaria, Mikheil"]
[Black "Olcayoz, Alper"]
[Result "1/2-1/2"]
[WhiteElo "2259"]
[BlackElo "2294"]
[EventDate "2002.06.12"]
[PlyCount "59"]

1.d4 d5 2.c4 c6 3.Nf3 Nf6 4.e3 a6 5.Bd3 Bg4 6.b3 e6 7.O-O Nbd7 8.Bb2 Ne4 
9.Nbd2 f5 10.Qc2 Bd6 11.Ne5 Nxe5 12.dxe5 Bb4 13.Nxe4 dxe4 14.Be2 Bxe2 15.
Qxe2 Qd2 16.Qxd2 Bxd2 17.Rfd1 O-O-O 18.Bd4 Bb4 19.a3 Be7 20.b4 Kc7 21.Kf1 
b6 22.Ke2 c5 23.bxc5 bxc5 24.Bc3 Rxd1 25.Ba5+ Kc6 26.Kxd1 Rb8 27.Kc2 g5 
28.Rd1 h5 29.Kc3 g4 30.Kc2 1/2-1/2

[Event "3rd EUR-ch"]
[Site "Batumi GEO"]
[Date "2002.06.24"]
[Round "12"]
[White "Matnadze, Ana"]
[Black "Chigladze, Iveri"]
[Result "1-0"]
[WhiteElo "2365"]
[BlackElo "2149"]
[EventDate "2002.06.12"]
[PlyCount "47"]

1.d4 Nf6 2.g3 d5 3.Bg2 c6 4.Nf3 Bg4 5.O-O e6 6.c4 Nbd7 7.Nc3 Be7 8.Qb3 Qb6
9.c5 Qa6 10.Re1 b6 11.cxb6 axb6 12.e4 O-O 13.exd5 cxd5 14.Bf4 Rfc8 15.h3 
Bf5 16.Bf1 Qa5 17.g4 Bg6 18.a3 Ne4 19.Nb5 Bd8 20.Rac1 h5 21.Qe3 Nef6 22.g5
Ne8 23.Qb3 e5 24.Bd2 1-0

[Event "3rd EUR-ch"]
[Site "Batumi GEO"]
[Date "2002.06.24"]
[Round "12"]
[White "Gassanov, Assif"]
[Black "Mamedyarova, Zeinab"]
[Result "1-0"]
[WhiteElo "2319"]
[BlackElo "2312"]
[EventDate "2002.06.12"]
[PlyCount "189"]

1.c4 e5 2.Nc3 Nc6 3.g3 g6 4.Bg2 Bg7 5.d3 d6 6.e4 Nge7 7.Nge2 O-O 8.Be3 Be6
9.Qd2 Nd4 10.O-O Qd7 11.Bh6 c6 12.Nxd4 exd4 13.Bxg7 Kxg7 14.Ne2 c5 15.Nf4 
Nc6 16.Rae1 Ne5 17.h3 Rab8 18.Nxe6+ fxe6 19.f4 Nc6 20.e5 d5 21.cxd5 exd5 
22.e6 Qd6 23.f5 gxf5 24.Qg5+ Kh8 25.Rxf5 Rxf5 26.Qxf5 Qxg3 27.Qf6+ Qg7 28.
Qxg7+ Kxg7 29.Bxd5 Ne7 30.Be4 b6 31.Rf1 Rf8 32.Rxf8 Kxf8 33.Bxh7 Kg7 34.
Be4 Kf6 35.Kf2 Kxe6 36.Kf3 Ke5 37.h4 b5 38.b3 Nc8 39.h5 Nd6 40.h6 Kf6 41.
h7 Kg7 42.Bd5 Kxh7 43.Kf4 b4 44.Ke5 Nb5 45.Bc4 Nc3 46.Kd6 Nxa2 47.Kxc5 Kg7
48.Kxd4 Kf6 49.Kc5 Ke7 50.Kc6 Kd8 51.d4 Nc3 52.Ba6 Nb1 53.Kc5 Nd2 54.Kxb4 
Kc7 55.Bd3 Kd6 56.Kc3 Nf3 57.Be4 Ng5 58.Bg2 Ne6 59.Kc4 Nf4 60.Bf3 Ne6 61.
Bd5 Nf8 62.Bf7 Kc6 63.b4 Nh7 64.d5+ Kd6 65.Kb5 Nf6 66.Kc4 Nd7 67.Kd4 a6 
68.Be6 Nb6 69.Ke4 Nc4 70.Kd4 Nb6 71.Bf7 Nd7 72.Bh5 Nf6 73.Bf3 Ne8 74.Be2 
Ng7 75.Bd3 Ne8 76.Bxa6 Nc7 77.Bc4 Na8 78.Bb5 Nb6 79.Bc6 Nc8 80.Kc4 Nb6+ 
81.Kb5 Nc8 82.Ka6 Kc7 83.b5 Nd6 84.b6+ Kb8 85.Ka5 Nc4+ 86.Kb5 Nd6+ 87.Kb4 
Ne4 88.Kc4 Nd6+ 89.Kd4 Kc8 90.b7+ Kc7 91.Ke5 Nf7+ 92.Ke6 Ng5+ 93.Kf6 Ne4+ 
94.Ke7 Nc5 95.d6+ 1-0

[Event "3rd EUR-ch"]
[Site "Batumi GEO"]
[Date "2002.06.24"]
[Round "12"]
[White "Asylguzhin, Radik"]
[Black "Mareck, Sascha"]
[Result "1/2-1/2"]
[WhiteElo "2387"]
[BlackElo "2249"]
[EventDate "2002.06.12"]
[PlyCount "76"]

1.e4 c5 2.f4 Nc6 3.Nf3 d6 4.Bb5 Bd7 5.O-O Nf6 6.Nc3 Qb6 7.a4 e6 8.Kh1 Nd4 
9.Bxd7+ Nxd7 10.d3 Be7 11.Nd2 O-O 12.Nc4 Qc7 13.f5 Bf6 14.Bf4 Be5 15.Bxe5 
dxe5 16.fxe6 fxe6 17.Qd2 b6 18.Kg1 a6 19.Ne3 Rf4 20.Ne2 Raf8 21.Nxf4 exf4 
22.Nc4 f3 23.Rae1 b5 24.axb5 axb5 25.Na3 Ne5 26.h3 f2+ 27.Rxf2 Nef3+ 28.
gxf3 Qg3+ 29.Kh1 Nxf3 30.Rxf3 Rxf3 31.Rg1 Qh4 32.Rg2 Rf1+ 33.Kh2 Rf3 34.
Kg1 Rxh3 35.Kf1 Rh1+ 36.Rg1 Rh2 37.Rg2 Rh1+ 38.Rg1 Rh2 1/2-1/2

[Event "3rd EUR-ch"]
[Site "Batumi GEO"]
[Date "2002.06.24"]
[Round "12"]
[White "Kinsiz, Onur"]
[Black "Erdogan, Hakan"]
[Result "0-1"]
[WhiteElo "2158"]
[BlackElo "2233"]
[EventDate "2002.06.12"]
[PlyCount "98"]

1.e4 c5 2.Nf3 d6 3.d4 cxd4 4.Nxd4 Nf6 5.Nc3 g6 6.Be3 Bg7 7.f3 Nc6 8.Qd2 
Bd7 9.g4 O-O 10.O-O-O Rc8 11.h4 b5 12.h5 b4 13.Nce2 Ne5 14.Ng3 Qa5 15.Kb1 
Nxf3 16.Nxf3 Nxg4 17.Bd4 e5 18.Bg1 Bh6 19.Qg2 Be6 20.b3 Rc3 21.Bd3 Qa3 22.
Ne2 Rxb3+ 23.axb3 Bxb3 24.Nc1 Bxc1 25.cxb3 Qxb3+ 26.Kxc1 Rc8+ 27.Bc2 Qa2 
28.Nd4 exd4 29.Bxd4 Ne3 30.Bxe3 b3 31.Rh2 b2+ 32.Kd2 Rxc2+ 33.Ke1 Rxg2 34.
Rxg2 Qb3 35.Rxb2 Qxb2 36.h6 Qb4+ 37.Ke2 Kf8 38.Kf3 Ke7 39.Rc1 a5 40.Rc7+ 
Ke6 41.Bg5 f6 42.Be3 g5 43.Rxh7 g4+ 44.Kf4 Qb2 45.Kxg4 Qe5 46.Rg7 Qxe4+ 
47.Bf4 Qg2+ 48.Bg3 Qe2+ 49.Kh4 Qe4+ 0-1

[Event "3rd EUR-ch"]
[Site "Batumi GEO"]
[Date "2002.06.24"]
[Round "12"]
[White "Ataman, Alper"]
[Black "Arman, Deniz"]
[Result "1/2-1/2"]
[WhiteElo "2191"]
[BlackElo "2119"]
[EventDate "2002.06.12"]
[PlyCount "39"]

1.e4 c5 2.Nf3 Nc6 3.d4 cxd4 4.Nxd4 Nf6 5.Nc3 e5 6.Ndb5 d6 7.Bg5 a6 8.Na3 
b5 9.Nd5 Be7 10.Bxf6 Bxf6 11.c3 Bg5 12.Nc2 O-O 13.a4 bxa4 14.Rxa4 a5 15.
Bc4 Rb8 16.b3 Kh8 17.O-O f5 18.exf5 Bxf5 19.Nce3 Be6 20.Qd3 1/2-1/2

[Event "3rd EUR-ch"]
[Site "Batumi GEO"]
[Date "2002.06.24"]
[Round "12"]
[White "Kamadadze, Zviad"]
[Black "Urushadze, Davit"]
[Result "1-0"]
[WhiteElo "2225"]
[BlackElo "2272"]
[EventDate "2002.06.12"]
[PlyCount "107"]

1.d4 Nf6 2.c4 e6 3.Nf3 b6 4.Bg5 Bb7 5.e3 Bb4+ 6.Nc3 h6 7.Bh4 g5 8.Bg3 Ne4 
9.Qc2 Bxc3+ 10.bxc3 d6 11.Bd3 Nxg3 12.fxg3 Nd7 13.O-O Qe7 14.Qa4 O-O 15.e4
e5 16.Rae1 f6 17.Qd1 Kg7 18.Nd2 c5 19.d5 Rh8 20.Be2 Nf8 21.Rf2 Ng6 22.Nf1 
Raf8 23.Ne3 Qd8 24.Nf5+ Kh7 25.Bh5 Bc8 26.Ne3 Kg7 27.Ref1 Bd7 28.Qf3 Ne7 
29.Bg4 Be8 30.Be6 h5 31.h4 g4 32.Qe2 Bg6 33.a4 Rh6 34.Nf5+ Nxf5 35.Bxf5 
Bxf5 36.Rxf5 Kg6 37.Qb2 Rh7 38.Rb1 Qd7 39.Qa3 Qc7 40.Rb5 Rb8 41.Kh2 Qd8 
42.Rf1 a5 43.Qb2 Rf7 44.Qf2 Qc8 45.Rfb1 Rfb7 46.Rf1 Rf7 47.Qb2 Qd8 48.Rf5 
Rbb7 49.Qc2 Rh7 50.Rb1 Rhf7 51.Rbf1 Ra7 52.Qe2 Rab7 53.Rxh5 f5 54.Rfxf5 
1-0

[Event "3rd EUR-ch"]
[Site "Batumi GEO"]
[Date "2002.06.26"]
[Round "13"]
[White "Galkin, Alexander"]
[Black "Gagunashvili, Merab"]
[Result "0-1"]
[WhiteElo "2569"]
[BlackElo "2472"]
[EventDate "2002.06.12"]
[PlyCount "68"]

1.e4 d6 2.d4 Nf6 3.Nc3 g6 4.f3 c6 5.Be3 b5 6.Qd2 Nbd7 7.Nge2 Bg7 8.Nf4 Qc7
9.Be2 O-O 10.O-O e5 11.dxe5 Nxe5 12.b3 Bb7 13.a4 b4 14.Na2 a5 15.c3 c5 16.
Rad1 Rfd8 17.Bb5 d5 18.exd5 Nxd5 19.Nxd5 Rxd5 20.Qf2 Rad8 21.Rxd5 Rxd5 22.
Qe2 Nc6 23.Bf2 Qd8 24.Bxc6 Bxc6 25.Qa6 Bd7 26.cxb4 cxb4 27.Nc1 Be6 28.Be3 
h5 29.Qe2 Qd6 30.Qc2 Be5 31.h3 Bc3 32.Qe2 Bc8 33.Qf2 Ba6 34.Ne2 Rd1 0-1

[Event "3rd EUR-ch"]
[Site "Batumi GEO"]
[Date "2002.06.26"]
[Round "13"]
[White "Popov, Valery"]
[Black "Mchedlishvili, Mikheil"]
[Result "1-0"]
[WhiteElo "2575"]
[BlackElo "2540"]
[EventDate "2002.06.12"]
[PlyCount "117"]

1.d4 d5 2.c4 e6 3.Nc3 Be7 4.Nf3 Nf6 5.cxd5 exd5 6.Qc2 c6 7.Bg5 g6 8.e3 Bf5
9.Bd3 Bxd3 10.Qxd3 Nbd7 11.O-O O-O 12.Rab1 a5 13.h3 Re8 14.Bf4 Nb6 15.Nd2 
Bd6 16.Bg5 Be7 17.Bxf6 Bxf6 18.b4 axb4 19.Rxb4 Be7 20.Rb3 Bd6 21.Rfb1 Bc7 
22.Kf1 Ra6 23.R1b2 Qa8 24.g3 Re7 25.Qb1 Ra3 26.Rxa3 Qxa3 27.Rxb6 Qxc3 28.
Rxb7 Qxd2 29.Rxc7 Re6 30.a4 Rf6 31.Qe1 Qb2 32.Kg2 Qb8 33.Qa5 Qb2 34.Qe1 
Qb8 35.Qa5 Qb2 36.Rc8+ Kg7 37.Qe1 Qb7 38.Re8 Qb3 39.a5 Qb5 40.Re5 Qc4 41.
Re7 Qb5 42.Re5 Qc4 43.Qd2 Qb5 44.Qa2 Qa6 45.Re8 c5 46.dxc5 d4 47.Kg1 Qc6 
48.Re5 dxe3 49.Rxe3 Qxc5 50.a6 Qa7 51.Ra3 Rb6 52.Kg2 Kg8 53.h4 h5 54.Qc2 
Rf6 55.Ra2 Kh7 56.Qe2 Re6 57.Qb5 Rf6 58.f4 Rb6 59.Qxb6 1-0

[Event "3rd EUR-ch"]
[Site "Batumi GEO"]
[Date "2002.06.26"]
[Round "13"]
[White "Alexandrov, Alexei"]
[Black "Markowski, Tomasz"]
[Result "1/2-1/2"]
[WhiteElo "2654"]
[BlackElo "2538"]
[EventDate "2002.06.12"]
[PlyCount "117"]

1.d4 d5 2.c4 dxc4 3.Nf3 Nf6 4.e3 e6 5.Bxc4 a6 6.O-O c5 7.a3 b5 8.Ba2 Bb7 
9.Qe2 Nbd7 10.Rd1 Qc7 11.Nc3 Be7 12.Bd2 O-O 13.Rac1 Qb6 14.Bb1 Rfd8 15.Be1
Rac8 16.h3 Bf8 17.Ne5 g6 18.dxc5 Rxc5 19.Nxd7 Rxd7 20.Rxd7 Nxd7 21.Rd1 Nf6
22.Na2 Rc8 23.Bc3 Qc6 24.Qf1 Nd5 25.Bd4 Qc7 26.Rc1 Qd8 27.Rxc8 Qxc8 28.Nc1
Qc7 29.Nd3 Bd6 30.Qc1 Qxc1+ 31.Nxc1 e5 32.Ba7 b4 33.axb4 Nxb4 34.Nb3 Bd5 
35.Bc5 Bxc5 36.Nxc5 Kg7 37.Kf1 Bc6 38.g3 Kf6 39.Ke1 Ke7 40.Kd2 Kd6 41.Ne4+
Bxe4 42.Bxe4 f5 43.Bg2 g5 44.h4 h6 45.Bh3 f4 46.exf4 exf4 47.hxg5 hxg5 48.
gxf4 gxf4 49.Kc3 Kc5 50.Be6 a5 51.Bb3 Na6 52.Kd3 Kb4 53.Bc2 Nc5+ 54.Kd4 
Na4 55.Bxa4 Kxa4 56.Kc4 f3 57.Kc3 Kb5 58.Kb3 Kc5 59.Kc3 1/2-1/2

[Event "3rd EUR-ch"]
[Site "Batumi GEO"]
[Date "2002.06.26"]
[Round "13"]
[White "Socko, Bartosz"]
[Black "Riazantsev, Alexander"]
[Result "1/2-1/2"]
[WhiteElo "2564"]
[BlackElo "2527"]
[EventDate "2002.06.12"]
[PlyCount "161"]

1.e4 c6 2.d4 d5 3.e5 Bf5 4.c3 e6 5.Nf3 Nd7 6.Be2 Ne7 7.Nh4 Bg6 8.Nd2 Nf5 
9.Nxf5 Bxf5 10.O-O Bg6 11.f4 Be7 12.g4 f5 13.exf6 Nxf6 14.f5 exf5 15.gxf5 
Bf7 16.Nf3 O-O 17.Ne5 Ne4 18.Bd3 c5 19.Be3 Bg5 20.Qc1 Bf6 21.Qc2 Bg5 22.
Qc1 Bf6 23.Qc2 Bg5 24.Bxg5 Qxg5+ 25.Qg2 Qxg2+ 26.Kxg2 cxd4 27.cxd4 Rac8 
28.Rae1 Nf6 29.Kg3 Rc7 30.Rc1 Rfc8 31.Rxc7 Rxc7 32.Kf4 Kf8 33.Rf2 Be8 34.
Rc2 Rxc2 35.Bxc2 Ke7 36.Nd3 b6 37.Ne5 Kd6 38.Bd1 Ke7 39.Be2 Kd6 40.Bd3 
Nh5+ 41.Ke3 Nf6 42.h3 Ke7 43.Nf3 Kd6 44.Ng5 Bd7 45.Nf3 Be8 46.Nd2 Bd7 47.
Nb1 Ng8 48.Nc3 Nf6 49.Kf4 h6 50.Be2 Bc6 51.Bb5 Bb7 52.Ba4 Ba6 53.Bb5 Bc8 
54.Be2 Bd7 55.Nd1 Ne4 56.Bd3 Nf6 57.Ne3 Nh5+ 58.Kf3 Nf6 59.Ng2 Nh5 60.Nh4 
Nf6 61.Ng6 Be8 62.Ne5 Ke7 63.Ke3 Kd6 64.Be2 Bd7 65.Kf4 Be8 66.Ng4 Nh5+ 67.
Ke3 Nf6 68.Ne5 Bd7 69.Bd3 Be8 70.a3 Ke7 71.Be2 Kd6 72.Kf4 Ke7 73.Bf3 Kd6 
74.Nd3 Bd7 75.Nb4 Bb5 76.Na2 Bd7 77.Nc3 Bc6 78.Be2 Bd7 79.b4 Bc6 80.Bb5 
Bb7 81.Be2 1/2-1/2

[Event "3rd EUR-ch"]
[Site "Batumi GEO"]
[Date "2002.06.26"]
[Round "13"]
[White "Fedorov, Alexei"]
[Black "Mamedov, Nidjat"]
[Result "1/2-1/2"]
[WhiteElo "2598"]
[BlackElo "2463"]
[EventDate "2002.06.12"]
[PlyCount "48"]

1.e4 c5 2.Nf3 d6 3.d4 cxd4 4.Nxd4 Nf6 5.Nc3 Nc6 6.Bc4 Qb6 7.Nb3 e6 8.Bf4 
Ne5 9.Be2 a6 10.Be3 Qc7 11.f4 Nc4 12.Bxc4 Qxc4 13.Qf3 e5 14.fxe5 dxe5 15.
Qg3 Be6 16.Nd2 Qb4 17.Nd5 Bxd5 18.exd5 Nxd5 19.Qxe5+ Qe7 20.Qxd5 Qxe3+ 21.
Kf1 Rd8 22.Qe4+ Qxe4 23.Nxe4 Be7 24.Ke2 f5 1/2-1/2

[Event "3rd EUR-ch"]
[Site "Batumi GEO"]
[Date "2002.06.26"]
[Round "13"]
[White "Yagupov, Igor"]
[Black "Kotronias, Vasilios"]
[Result "1/2-1/2"]
[WhiteElo "2474"]
[BlackElo "2580"]
[EventDate "2002.06.12"]
[PlyCount "110"]

1.e4 c5 2.Nf3 Nc6 3.d4 cxd4 4.Nxd4 Nf6 5.Nc3 d6 6.f3 e5 7.Nb3 Be7 8.Be3 
O-O 9.Qd2 a5 10.Bb5 Na7 11.Bd3 Be6 12.Rd1 Nc8 13.a3 Nb6 14.Qf2 Nfd7 15.Nd2
Qc7 16.O-O d5 17.exd5 Nxd5 18.Nxd5 Bxd5 19.c4 Be6 20.Ne4 f5 21.Ng5 Bxg5 
22.Bxg5 h6 23.Bc1 Nc5 24.Rfe1 Rae8 25.Bf1 Nb3 26.Qe3 Nxc1 27.Rxc1 Bf7 28.
Bd3 Bh5 29.c5 Kh8 30.Bb5 Re6 31.Red1 Rd8 32.b4 axb4 33.axb4 e4 34.Rxd8+ 
Qxd8 35.c6 bxc6 36.Bxc6 f4 37.Qc5 exf3 38.Bxf3 Bxf3 39.Qc8 Qxc8 40.Rxc8+ 
Kh7 41.gxf3 Re3 42.Rc4 g5 43.Kg2 Re2+ 44.Kg1 Rb2 45.Rc6 Rxb4 46.h4 gxh4 
47.Kg2 Rb7 48.Rf6 Rb4 49.Kh3 Kg7 50.Rc6 Rb3 51.Kg4 h3 52.Rc2 Rb4 53.Kxh3 
Kg6 54.Rc6+ Kg5 55.Rc5+ Kg6 1/2-1/2

[Event "3rd EUR-ch"]
[Site "Batumi GEO"]
[Date "2002.06.26"]
[Round "13"]
[White "Goloshchapov, Alexander"]
[Black "Dzhakaev, Dzhaka"]
[Result "1-0"]
[WhiteElo "2543"]
[BlackElo "2425"]
[EventDate "2002.06.12"]
[PlyCount "57"]

1.e4 e6 2.d4 d5 3.Nc3 Nf6 4.Bg5 dxe4 5.Nxe4 Nbd7 6.Nf3 h6 7.Nxf6+ Nxf6 8.
Be3 a6 9.Bd3 b6 10.Qe2 Bb7 11.O-O-O Qc8 12.Ne5 Bd6 13.f4 h5 14.Rhf1 Be4 
15.Bxe4 Nxe4 16.g4 hxg4 17.Qxg4 Rh7 18.f5 Nf6 19.Qg2 exf5 20.Rxf5 Rxh2 21.
Qf3 Rb8 22.Bg5 c5 23.Re1 Bxe5 24.Rfxe5+ Kf8 25.Bxf6 gxf6 26.Qxf6 Qd8 27.
Re8+ Qxe8 28.Qd6+ Kg7 29.Rg1+ 1-0

[Event "3rd EUR-ch"]
[Site "Batumi GEO"]
[Date "2002.06.26"]
[Round "13"]
[White "Malakhatko, Vadim"]
[Black "Bagaturov, Giorgi"]
[Result "1-0"]
[WhiteElo "2517"]
[BlackElo "2434"]
[EventDate "2002.06.12"]
[PlyCount "171"]

1.d4 Nf6 2.c4 e6 3.Nf3 b6 4.Nc3 Bb7 5.Bg5 h6 6.Bh4 Be7 7.e3 O-O 8.Be2 c5 
9.O-O d6 10.a3 cxd4 11.Nxd4 a6 12.Bg3 Nbd7 13.a4 Nc5 14.f3 Rc8 15.b4 Ncd7 
16.Qb3 Qc7 17.Rac1 Nh5 18.Bf2 Qb8 19.Rfd1 Qa8 20.e4 Kh8 21.g3 Nhf6 22.Nc2 
Rfe8 23.Ne3 Qb8 24.Rc2 Bd8 25.Rcd2 Bc7 26.Qb1 Qa8 27.Qb3 Ne5 28.Rc2 Kg8 
29.Qb2 h5 30.Qc1 Ng6 31.Bf1 Qb8 32.Bg2 h4 33.Ne2 hxg3 34.hxg3 a5 35.bxa5 
bxa5 36.Rb2 Qa8 37.Qb1 Bc6 38.Nc3 Rcd8 39.f4 Bb8 40.Qd3 Nd7 41.Re2 Nc5 42.
Qc2 Qb7 43.Rb1 Qa8 44.Nf1 Nf8 45.Nb5 Nfd7 46.Nd2 Nf6 47.Bf3 Ncd7 48.Kg2 
Rc8 49.Rh1 Nf8 50.Ree1 N6d7 51.Rh3 Ng6 52.Reh1 Kf8 53.Qd3 Nc5 54.Bxc5 dxc5
55.Qe3 Kg8 56.e5 Bxf3+ 57.Qxf3 Qxf3+ 58.Kxf3 Red8 59.Ke2 Rd7 60.Rd1 f6 61.
exf6 Bxf4 62.Ne4 Rxd1 63.Kxd1 Rd8+ 64.Ke2 Be5 65.fxg7 Bd4 66.Rh5 Rc8 67.
Nbd6 Rc6 68.Nb5 Kxg7 69.Nxd4 cxd4 70.c5 e5 71.Kd3 Rc8 72.Kc4 Rb8 73.c6 Ne7
74.Kc5 Rc8 75.Kd6 Nxc6 76.Kd7 Na7 77.Rg5+ Kh6 78.Rxe5 Rc4 79.Rxa5 d3 80.
Nd2 Rc2 81.Rxa7 Rxd2 82.Ra6+ Kg5 83.Rd6 Ra2 84.Rd5+ Kg4 85.a5 Kxg3 86.
Rxd3+ 1-0

[Event "3rd EUR-ch"]
[Site "Batumi GEO"]
[Date "2002.06.26"]
[Round "13"]
[White "Petrov, Marijan"]
[Black "Kempinski, Robert"]
[Result "1/2-1/2"]
[WhiteElo "2469"]
[BlackElo "2570"]
[EventDate "2002.06.12"]
[PlyCount "20"]

1.e4 c5 2.Nf3 d6 3.d4 cxd4 4.Nxd4 Nf6 5.Nc3 a6 6.f4 e6 7.Bd3 Qc7 8.O-O Be7
9.Kh1 b5 10.Qe1 Nbd7 1/2-1/2

[Event "3rd EUR-ch"]
[Site "Batumi GEO"]
[Date "2002.06.26"]
[Round "13"]
[White "Essing, Arnold"]
[Black "Urushadze, Davit"]
[Result "0-1"]
[WhiteElo "2286"]
[BlackElo "2272"]
[EventDate "2002.06.12"]
[PlyCount "80"]

1.d4 Nf6 2.Nf3 e6 3.c4 b6 4.Nc3 Bb4 5.Bg5 Bb7 6.Nd2 Be7 7.e4 d6 8.f4 Nbd7 
9.e5 Ng8 10.Bxe7 Nxe7 11.Qg4 Nf5 12.O-O-O dxe5 13.dxe5 Qe7 14.Qh3 O-O-O 
15.Bd3 g6 16.Be4 Nc5 17.Bxb7+ Kxb7 18.Nde4 Nxe4 19.Nxe4 Qb4 20.b3 a5 21.
Qf3 Kb8 22.g4 Nd4 23.Qe3 Nc6 24.Kb2 a4 25.Qc3 axb3 26.axb3 Qxc3+ 27.Kxc3 
h5 28.Rxd8+ Nxd8 29.g5 Nb7 30.b4 Rd8 31.c5 bxc5 32.bxc5 Na5 33.Ra1 Nc6 34.
Rb1+ Kc8 35.Ra1 Rd4 36.Nf6 Rxf4 37.Ra8+ Kb7 38.Re8 Nxe5 39.Kd2 Rf5 40.Ne4 
Nd7 0-1

[Event "3rd EUR-ch"]
[Site "Batumi GEO"]
[Date "2002.06.26"]
[Round "13"]
[White "Radulski, Yulian"]
[Black "Jojua, Davit"]
[Result "1-0"]
[WhiteElo "2501"]
[BlackElo "2125"]
[EventDate "2002.06.12"]
[PlyCount "57"]

1.e4 c5 2.Nc3 e6 3.Nf3 d6 4.d4 cxd4 5.Nxd4 Nf6 6.Bg5 h6 7.Bh4 a6 8.Bd3 Be7
9.Bg3 O-O 10.f4 b5 11.e5 dxe5 12.fxe5 Nd5 13.Qf3 Nxc3 14.bxc3 Ra7 15.Qe4 
g6 16.O-O Bb7 17.Qe2 Qd5 18.Kh1 Ra8 19.a4 Nc6 20.Nf3 b4 21.c4 Qc5 22.Bf2 
Qa5 23.Rae1 Rad8 24.Qe3 Kh7 25.Qf4 Bc5 26.Bh4 Be7 27.Bf6 Qc5 28.Ng5+ hxg5 
29.Re3 1-0

[Event "3rd EUR-ch"]
[Site "Batumi GEO"]
[Date "2002.06.26"]
[Round "13"]
[White "Yegiazarian, Arsen"]
[Black "Matnadze, Ana"]
[Result "1-0"]
[WhiteElo "2567"]
[BlackElo "2365"]
[EventDate "2002.06.12"]
[PlyCount "59"]

1.Nf3 Nf6 2.c4 e6 3.Nc3 b6 4.g3 Bb7 5.Bg2 Be7 6.O-O O-O 7.Re1 d5 8.cxd5 
exd5 9.d4 Ne4 10.Bf4 c5 11.dxc5 Nxc3 12.bxc3 bxc5 13.Rb1 Qc8 14.Ne5 Na6 
15.Rxb7 Qxb7 16.Bxd5 Qc8 17.Qa4 Nc7 18.Bxa8 Nxa8 19.Qxa7 Bd6 20.Nd3 Bxf4 
21.Nxf4 Qc6 22.Rb1 g5 23.Nd3 c4 24.Nc5 h5 25.Qe7 Qg6 26.Rd1 h4 27.gxh4 
gxh4+ 28.Kh1 Qh6 29.Nd7 Rc8 30.Rg1+ 1-0

[Event "3rd EUR-ch"]
[Site "Batumi GEO"]
[Date "2002.06.26"]
[Round "13"]
[White "Arutinian, David"]
[Black "Gassanov, Assif"]
[Result "0-1"]
[WhiteElo "2427"]
[BlackElo "2319"]
[EventDate "2002.06.12"]
[PlyCount "92"]

1.e4 c5 2.Nf3 Nc6 3.d4 cxd4 4.Nxd4 g6 5.c4 Bg7 6.Be3 Nf6 7.Nc3 O-O 8.Be2 
b6 9.O-O Bb7 10.f3 Rc8 11.Qd2 Nh5 12.Ndb5 d6 13.Rac1 a6 14.Na3 Nf6 15.Rfd1
Nd7 16.Bf1 Nce5 17.Be2 Nc6 18.Nd5 Ncb8 19.Bg5 Bxd5 20.exd5 Re8 21.Bf1 Qc7 
22.Nb1 Nf6 23.Nc3 Nbd7 24.Kh1 Qb7 25.Bh4 Ne5 26.b3 Rc7 27.h3 Rec8 28.f4 
Ned7 29.Re1 Re8 30.Bf2 b5 31.cxb5 axb5 32.Nxb5 Rxc1 33.Qxc1 Nxd5 34.Nxd6 
exd6 35.Rxe8+ Nf8 36.Bc4 Nf6 37.Re1 Bh6 38.Be3 d5 39.Bd3 Ne4 40.Bxe4 dxe4 
41.f5 Bg7 42.Rf1 Nd7 43.Qd1 Be5 44.a4 Bb8 45.Bg1 f6 46.a5 g5 0-1

[Event "3rd EUR-ch"]
[Site "Batumi GEO"]
[Date "2002.06.26"]
[Round "13"]
[White "Ipek, Ali"]
[Black "Shanava, Konstantine"]
[Result "0-1"]
[WhiteElo "2263"]
[BlackElo "2390"]
[EventDate "2002.06.12"]
[PlyCount "94"]

1.d4 d5 2.Nf3 c6 3.c3 Bf5 4.Bf4 Nd7 5.Nbd2 h6 6.e3 Ngf6 7.h3 e6 8.Be2 Be7 
9.O-O g5 10.Be5 Nxe5 11.Nxe5 Nd7 12.f4 gxf4 13.exf4 Qb6 14.Nxd7 Kxd7 15.
Nf3 Qxb2 16.Bd3 Qxc3 17.Bxf5 exf5 18.Qb1 Kc7 19.Qxf5 Qe3+ 20.Kh1 Qe4 21.
Qh5 Qg6 22.Qe5+ Bd6 23.Qe2 Qe4 24.Qb2 Rhe8 25.Ne5 f6 26.Rae1 Qh7 27.Rb1 
Rab8 28.Ng4 Qg6 29.Qd2 h5 30.Nh2 b6 31.Rbc1 Kb7 32.Rc2 Re4 33.Qc3 Rc8 34.
Rcf2 Qe8 35.Qd3 Rc7 36.a4 a5 37.Rb2 Re1 38.Rb1 Rce7 39.Nf3 Rxf1+ 40.Rxf1 
Re4 41.g3 Bc7 42.Kg2 Re3 43.Qf5 Re2+ 44.Kh1 Qe3 45.Qxh5 Ra2 46.Rg1 Qe2 47.
f5 Ra3 0-1

[Event "3rd EUR-ch"]
[Site "Batumi GEO"]
[Date "2002.06.26"]
[Round "13"]
[White "Chibukhchian, Artur"]
[Black "Gurcan, Selim"]
[Result "1/2-1/2"]
[WhiteElo "2379"]
[BlackElo "2283"]
[EventDate "2002.06.12"]
[PlyCount "265"]

1.d4 Nf6 2.Nc3 d5 3.Bg5 Nbd7 4.Nf3 g6 5.Qd3 Bg7 6.e4 dxe4 7.Nxe4 O-O 8.
O-O-O c5 9.Bxf6 exf6 10.Nxc5 Nxc5 11.dxc5 Qa5 12.a3 Qxc5 13.Qd4 Qa5 14.Bc4
Bf5 15.g4 Rad8 16.Qf4 Bd7 17.Rhe1 Bc6 18.Rxd8 Qxd8 19.Rd1 Qb6 20.Nd4 Bd7 
21.Nf5 Bxf5 22.gxf5 Rd8 23.Rxd8+ Qxd8 24.Qe4 Qc7 25.Bd5 b6 26.fxg6 hxg6 
27.Qxg6 Qd7 28.Qe4 f5 29.Qc4 Be5 30.h4 Kg7 31.Kb1 Kf6 32.a4 Qc7 33.Qb3 Qd7
34.h5 Kg7 35.Ka2 Bf4 36.Qc4 Be5 37.Kb3 Qe7 38.c3 Bd6 39.Qd4+ Be5 40.Qc4 
Bd6 41.f3 Be5 42.Qc6 Bc7 43.Qc4 Be5 44.Qc8 Qf6 45.Qd7 a5 46.Kc4 Bg3 47.Kb5
Bf2 48.Qc6 Qe7 49.Bc4 Be3 50.Bd5 Bf2 51.b4 Qe2+ 52.Qc4 Qe8+ 53.Qc6 Qe2+ 
54.Bc4 Qe5+ 55.Ka6 Qxc3 56.Qd5 Qf6 57.b5 Be3 58.Qd7 Bc5 59.f4 Be3 60.Qc7 
Bc5 61.Bd5 Bd4 62.Bc4 Bc5 63.Qd7 Be3 64.Qc6 Bd4 65.Qe8 Bc5 66.Bd5 Bd4 67.
Qe2 Kh6 68.Bf3 Qd6 69.Qd2 Qf6 70.Qg2 Qg7 71.Qc2 Qf6 72.Qc6 Kg7 73.Bd5 Be3 
74.Qe8 Bc5 75.h6+ Kxh6 76.Bxf7 Kg7 77.Bd5 Kh6 78.Be6 Kg7 79.Qd7+ Kg6 80.
Qc8 Bd4 81.Qc6 Bc5 82.Qd7 Bf2 83.Bg8 Kh5 84.Qd1+ Kg6 85.Qf3 Bc5 86.Qg2+ 
Kh6 87.Qh3+ Kg7 88.Qh7+ Kf8 89.Bc4 Be3 90.Qc7 Bc5 91.Bd3 Be3 92.Bc4 Bc5 
93.Bd5 Be3 94.Bc6 Bc5 95.Bd7 Be3 96.Bc8 Bc5 97.Qh7 Be3 98.Qb7 Bc5 99.Qd5 
Be3 100.Be6 Bc5 101.Bxf5 Qf7 102.Qe5 Qg7 103.Qe4 Qe7 104.Be6 Kg7 105.Qe5+ 
Qf6 106.Qc7+ Kh6 107.Bg8 Kh5 108.Bc4 Qf5 109.Be2+ Kh4 110.Qd8+ Kh3 111.
Bf1+ Kh2 112.Qh4+ Kg1 113.Bh3 Qe4 114.Qg3+ Kh1 115.Ka7 Qe7+ 116.Ka6 Qe4 
117.Qg8 Kh2 118.Bf1 Qf3 119.Qg2+ Qxg2 120.Bxg2 Kxg2 121.f5 Kf3 122.f6 Ke4 
123.f7 Kd5 124.f8=Q Bxf8 125.Kxb6 Bc5+ 126.Kxa5 Kd6 127.Ka6 Kc7 128.a5 Kb8
129.b6 Bf2 130.Kb5 Bg1 131.a6 Bxb6 132.Kxb6 Ka8 133.a7 1/2-1/2

[Event "3rd EUR-ch"]
[Site "Batumi GEO"]
[Date "2002.06.26"]
[Round "13"]
[White "Haznedaroglu, Kivanc"]
[Black "Citak, Selim"]
[Result "1-0"]
[WhiteElo "2345"]
[BlackElo "2035"]
[EventDate "2002.06.12"]
[PlyCount "103"]

1.e3 Nf6 2.c4 g6 3.b3 Bg7 4.Bb2 O-O 5.Nf3 d6 6.Be2 e5 7.O-O Nc6 8.Nc3 Re8 
9.Rc1 Bg4 10.h3 Be6 11.d4 exd4 12.Nxd4 Nxd4 13.Qxd4 Nd5 14.Qd2 Nxc3 15.
Bxc3 Bxc3 16.Rxc3 Qg5 17.f4 Qc5 18.Bf3 c6 19.Rd3 Rad8 20.Kh2 Bf5 21.Rd4 
Qb6 22.Rd1 c5 23.Rxd6 Rxd6 24.Qxd6 Qxd6 25.Rxd6 b6 26.e4 Bxe4 27.Bxe4 Rxe4
28.Rd7 Rxf4 29.Rxa7 Rf6 30.Kg3 Kf8 31.a4 Rd6 32.Kf4 Rd3 33.Rb7 Rxb3 34.a5 
Rb4 35.axb6 Rxc4+ 36.Ke5 Rb4 37.g4 Kg7 38.Kd5 c4 39.Kc5 Rb3 40.Kxc4 Rxh3 
41.Rc7 Rh1 42.Rc5 Rb1 43.Rb5 Rc1+ 44.Kd5 Rc8 45.b7 Rb8 46.Kc6 f5 47.gxf5 
gxf5 48.Rxf5 Kg6 49.Rd5 h5 50.Kc7 Rxb7+ 51.Kxb7 h4 52.Rd6+ 1-0

[Event "3rd EUR-ch"]
[Site "Batumi GEO"]
[Date "2002.06.26"]
[Round "13"]
[White "Karadeniz, Emre"]
[Black "Velicka, Petr"]
[Result "1-0"]
[WhiteElo "2307"]
[BlackElo "2437"]
[EventDate "2002.06.12"]
[PlyCount "45"]

1.Nf3 g6 2.e4 c5 3.d4 cxd4 4.Nxd4 Nf6 5.Nc3 Bg7 6.e5 Ng8 7.f4 Nc6 8.Be3 f6
9.Bc4 fxe5 10.Nf5 Bf6 11.Qd5 e6 12.Nd6+ Kf8 13.Qd2 Kg7 14.O-O exf4 15.Rxf4
Ne5 16.Raf1 Nxc4 17.Rxc4 b6 18.Rcf4 Ba6 19.R1f2 Be7 20.Nce4 Qf8 21.Rf6 
Nxf6 22.Bh6+ Kg8 23.Qf4 1-0

[Event "3rd EUR-ch"]
[Site "Batumi GEO"]
[Date "2002.06.26"]
[Round "13"]
[White "Babaev, Rashad"]
[Black "Erdogdu, Mert"]
[Result "1-0"]
[WhiteElo "2430"]
[BlackElo "2295"]
[EventDate "2002.06.12"]
[PlyCount "79"]

1.e4 c5 2.Nf3 d6 3.d4 cxd4 4.Nxd4 Nf6 5.Nc3 a6 6.Be2 e6 7.O-O Be7 8.a4 Nc6
9.Kh1 O-O 10.f4 Qc7 11.Be3 Re8 12.Bf3 Bf8 13.Qd2 Na5 14.Qf2 Nc4 15.Bc1 e5 
16.Nde2 d5 17.fxe5 Nxe5 18.Bf4 dxe4 19.Nxe4 Nd5 20.Qg3 Bf5 21.Rad1 Bxe4 
22.Bxe4 Nxf4 23.Nxf4 Kh8 24.Nd5 Qc4 25.Nb6 Qxe4 26.Nxa8 f6 27.Nc7 Rc8 28.
Ne6 Qxc2 29.b3 Re8 30.Rd8 Rxd8 31.Nxd8 Kg8 32.Qh3 h6 33.Qe6+ Kh7 34.Nxb7 
Qc7 35.Qd5 h5 36.Nd8 Bb4 37.Qe4+ Kg8 38.Qd5+ Kh7 39.Ne6 Qc2 40.Qb7 1-0